000 00684nam a22001937a 4500
999 _c61614
_d61614
005 20240401095036.0
008 240401s2023 enk||||| |||| 00| 0 eng d
020 _a9781527594920
041 _aeng
080 _a355.40+327 The-44
245 _aThe Role of Intelligence and State Policies in International Security
_cEdited by Emin Erendor
264 _aCambridge :
_bScholars Publishing,
_c 2023.
300 _a204 p. ;
_b21 cm.
653 _aდაზვერვის როლი
653 _aპოლიტიკა
653 _aსაერთაშორისო უსაფრთხოება
700 _a Erendor, Emin
_921640
942 _2udc
_cᲬᲘᲒᲜᲘ